| 000 | 00698nam a2200217 i 4500 | ||
|---|---|---|---|
| 001 | 83649 | ||
| 003 | ES-MaACL | ||
| 005 | 20250815095227.0 | ||
| 007 | t| | ||
| 008 | 041117s1985 sp ||||1| spa d | ||
| 020 | _a84-207-2629-X | ||
| 245 | 0 | 0 |
_aInvestigación educativa / _ccoordinador, Arturo de la Orden Hoz. |
| 260 |
_aMadrid : _bAnaya, _c1985. |
||
| 300 |
_aXXXVI, 263 p. ; _c25 cm. |
||
| 490 | 1 | _aDiccionario de Ciencias de la Educacion | |
| 650 | 4 |
_aPedagogía- _xInvestigación- _vDiccionarios. _9148304 |
|
| 700 | 1 |
_aOrden Hoz, Arturo de la. _987178 |
|
| 830 | 0 | 0 |
_aDiccionario de ciencias de la educación _9177906 |
| 852 |
_aES-MaACL _jL-8508 _bR.109255 |
||
| 999 |
_c83649 _d83649 |
||